000 00872nam a2200217 a 4500
008 091123s1988 ||||||||||||||||| || u
050 _aASC(08)RR/33
100 _aTieleman, Henk J
245 1 0 _aScenes of change: visions on developments in Swaziland: papers presented at the seminar 'social sciences in Swaziland'---Amsterdam February 1986.
_cby Henk J. Tieleman (editor)
260 _aLeiden:
_bASC
_c1988
300 _a231p.
350 _a0.00
490 _aASC Reseach reports
500 _aBibliography
650 _aSWAZILAND--POLITICAL ASPECTS
650 _aSWAZILAND--ECONOMIC ASPECTS
650 _aPOLITICS
650 _aSWAZILAND--SOCIAL ASPECTS
710 _aAfrica Studies Centre (ASC)
995 _D0.00
_FCBU-MAIN LIBRARY (Kitwe)
_H1
_I0.00
_M1
_UAVAILABLE
_WNov 23, 2009
_ZInternational Publications
999 _c57008
_d57008